| 000 | 00572nam a2200217 a 4500 | ||
|---|---|---|---|
| 999 |
_c9845 _d9845 |
||
| 001 | 9845 | ||
| 003 | BD-JhCC | ||
| 005 | 20180925083628.0 | ||
| 008 | 180402s1963 e |||| || | 000 0 eng d | ||
| 035 | _a(BD-JhCC)9845 | ||
| 040 |
_aBD-JhCC _dBD-JhCC |
||
| 041 | _aeng | ||
| 082 |
_a821.6 _bCOW 1963 |
||
| 245 |
_aCowper : _bselected poems and letters / _cA. Norman Jeffares Edited |
||
| 260 |
_aLondon : _bOxford University Press, _c1963 |
||
| 300 |
_a222 p. : _c22 cm. |
||
| 650 | _aPoems | ||
| 700 | _aJeffares, A. Norman Edited | ||
| 942 |
_2ddc _cBK |
||